000 00585nam a2200241 a 4500
001 0001-1338
003 ELIB.Books
008 150825 2010 eng
020 _a1580082092
035 _a(ELIB.Books)0001-1493
092 _a378.1
_bCom
100 _aCombs, Patrick.
245 _aMajor in Success
260 _aBerkley
_bTen Speed Press
_c2000
300 _a171
_c23.5 Cm
500 _aDr. Min Oo
650 _aSuccess-US
856 _nKBTS: Library
_uKBTS: Elib
942 _2ddc
_cBK
990 _a1
998 _cbat
_e2015-08-25
999 _c11338
_d11338